00343nam a2200145Ia 45000030006000000080041000060400015000471000021000622450019000832500006001022600052001083000006001605460014001660050017001800STCL150530s9999 xx 000 0 und d aSTCLcSTCL aRadhakrishan, C. aNizhalppadukal a1 bSahithya Pravarthaka Co Operative Societyc1985 a0 aMalayalam20220125171543.0